000 00201nam a2200085 4500
001 1257345
005 20260211102932.0
245 _aDÜNYANIN MERKEZİNE YOLCULUK
_cJULES VERNE
260 _bTİMAŞ YAYINLARI
999 _c1257345
_d1257345